Introduction to chemical engineering (Record no. 13776)

000 -LEADER
fixed length control field 00517nam a22001931 4500
001 - CONTROL NUMBER
control field 13776
003 - CONTROL NUMBER IDENTIFIER
control field BD-DhUET
008 - FIXED-LENGTH DATA ELEMENTS--GENERAL INFORMATION
fixed length control field 761110s1959 xx 000 0 eng
040 ## - CATALOGING SOURCE
Original cataloging agency DLC
Transcribing agency OTU
Modifying agency BD-DhUET
082 ## - DEWEY DECIMAL CLASSIFICATION NUMBER
Classification number 660.28
Item number LIT/1959
100 ## - MAIN ENTRY--PERSONAL NAME
Personal name Littlejohn, Charles E.
245 03 - TITLE STATEMENT
Title Introduction to chemical engineering
250 ## - EDITION STATEMENT
Edition statement 1st ed.
260 ## - PUBLICATION, DISTRIBUTION, ETC. (IMPRINT)
Place of publication, distribution, etc. New York
Name of publisher, distributor, etc. Reinhold Publishing
Date of publication, distribution, etc. 1959
300 ## - PHYSICAL DESCRIPTION
Extent 271 p.
Other physical details illus.
Dimensions 24 cm.
650 #0 - SUBJECT ADDED ENTRY--TOPICAL TERM
Topical term or geographic name as entry element Chemical engineering
700 ## - ADDED ENTRY--PERSONAL NAME
Personal name Meenaghan, George F.
942 ## - ADDED ENTRY ELEMENTS (KOHA)
Koha item type General Book
Holdings
Location (home branch) Copy number Sublocation or collection (holding branch) Withdrawn status Koha full call number Damaged status Source of classification or shelving scheme Koha normalized classification for sorting Shelving location Piece designation (barcode) Koha date last seen Koha item type Not for loan Price effective from Date acquired Lost status
Central Library, BUET1Central Library, BUET 660.28/LIT/1959  660_280000000000000_LIT_1959Circulation section451042015-03-04General Book 2015-03-042015-03-04 
Central Library, BUET2Central Library, BUET 660.28/LIT/1959  660_280000000000000_LIT_1959Circulation section204312015-05-11General Book 2015-05-112015-05-11 
Central Library, BUET3Central Library, BUET 660.28/LIT/1959  660_280000000000000_LIT_1959Circulation section66302015-05-13General Book 2015-05-132015-05-13 
Central Library, BUET4Central Library, BUET 660.28/LIT/1959  660_280000000000000_LIT_1959Circulation section204322015-05-14General Book 2015-05-142015-05-14